000 00218nam a2200097Ia 4500
008 190216s9999||||xx |||||||||||||| ||und||
100 _aNull
245 0 _aHindi-Karnival
260 _bVikas Publishing House
942 _cBK
999 _c17691
_d17691